| 000 | 00487nam a22001697a 4500 | ||
|---|---|---|---|
| 999 |
_c31145 _d31143 |
||
| 003 | OSt | ||
| 005 | 20181031094529.0 | ||
| 008 | 181031b ||||| |||| 00| 0 eng d | ||
| 040 |
_aMMU _beng _cMMU _dMMU |
||
| 050 | _aBS2560 .R55 1922 | ||
| 100 | _aA. T. Robertson | ||
| 245 |
_aA harmony of the gospels for students of the life of Christ / _cA.T. Robertson |
||
| 260 |
_aNashville : _bBroadman Press, _c1922 |
||
| 300 |
_a304 p.: _bill.; |
||
| 650 | _aThe Gospel | ||
| 942 |
_2lcc _cLOAN LOAN |
||